Hodnotenie zamestnancov v podniku diplomová práca

Na minha lista:
Detalhes bibliográficos
Autor principal: Svitanek, Tomáš
Autor Corporativo: Podnikovohospodárska fakulta EU so sídlom v Košiciach. Katedra manažmentu
Outros Autores: Olexová, Cecília, 1976-
Formato: Livro
Idioma:eslovaco
Publicado em: Košice 2015
Tags: Adicionar Tag
Sem tags, seja o primeiro a adicionar uma tag!

MARC

LEADER 00000nbm a2200000 4500
001 0202201
005 20161212094420.8
041 0 |a slo 
044 |a SK 
245 1 0 |a Hodnotenie zamestnancov v podniku  |b diplomová práca  |c Tomáš Svitanek ; školiteľ: Cecília Olexová 
264 1 |a Košice  |c 2015 
300 |a 69 s. 
100 1 |a Svitanek, Tomáš 
700 1 |a Olexová, Cecília, 1976- 
710 2 |a Podnikovohospodárska fakulta EU so sídlom v Košiciach. Katedra manažmentu